| 000 | 01062nam a22003377a 4500 | ||
|---|---|---|---|
| 003 | CHAP | ||
| 005 | 20220329143710.0 | ||
| 008 | 110216s1985 us a r 00010 eng d | ||
| 010 | _a100527 | ||
| 011 | _a101499 | ||
| 020 | _a0394504321 | ||
| 035 | _a112187 | ||
| 040 | _cCHAP | ||
| 082 | 0 | 4 |
_a582.130973 _bN55 1985 |
| 100 | 0 | 0 |
_aNiering, William A. _981249 |
| 245 | 1 |
_aAudubon Society field guide to North American wildflowers : _beastern region _c/por William A. Niering |
|
| 250 | _a6 ed. | ||
| 260 |
_aNew York : _bKnopf, _c1985 |
||
| 300 |
_a887 p. : _bilus. |
||
| 590 |
_aBATCH-UPD _b10 _c20130110 _lUCH01 _h1228 |
||
| 590 |
_aBATCH-UPD _b10 _c20130410 _lUCH01 _h0759 |
||
| 590 |
_aBATCH-UPD _b10 _c20130914 _lUCH01 _h1417 |
||
| 590 |
_aCONVERSION _b10 _c20130109 _lUCH01 _h1355 |
||
| 650 | 1 | 4 |
_aFlores silvestres _xE.U.A. _941746 |
| 650 | 1 | 4 |
_aFlores _xE.U.A. _941373 |
| 650 | 1 | 4 |
_aFlores _xIdentificación. _941382 |
| 901 | _aBK | ||
| 911 | _aen proceso | ||
| 942 | _cLIBRO | ||
| 949 |
_a582.130973 N55 1985 _bBC _cC _d33724002231553 _eC _h114269 _i112187 _sb |
||
| 999 |
_c100527 _d100527 |
||